000 00576nam a22001697a 4500
003 SGT
020 _a9788120343146
082 _a658.4, MCG
100 _aMCGRATH, S. J.
245 _aBASIC MANAGERIAL SKILLS FOR ALL
250 _a9TH
260 _aNEW DELHI
_bPHI
_c2014
300 _a812
650 _aBASIC MANAGERIAL SKILLS FOR ALL
653 _aHOW TOW READ, HOW TO WRITE,HOW TO LEARN, HOW TO SPEAK,HOW TO LISTEN, HOW TO BECOME THE REAL YOU, HOW TO RUN A MEETING, HOW TO TEACH AND TRAIN, HOW TO INTERVIEW AND HOW TO FACE AN INTERVIEW, HOW TO MANAGE,
942 _2ddc
_cFCM
999 _c9042
_d9042